000 01454cam a22003618i 4500
005 20210330174637.0
008 170725s2018 nyua c 000 1 eng
020 _a9781101940099 (hc)
040 _aDLC
_beng
_erda
_cDLC
_dCTMM
050 0 0 _aPZ7.K8838
_bEym 2018
082 0 0 _a[Fic]
_223
092 _aF
100 1 _aKress, Adrienne,
_eauthor.
_974439
245 1 4 _aThe reckless rescue /
_cAdrienne Kress ; illustrated by Matthew C. Rockefeller.
246 4 _bThe explorers
250 _aFirst edition.
264 1 _aNew York :
_bDelacorte Press,
_c[2018]
264 2 _aOld Saybrook, Connecticut :
_bwww.micromarketing.org
300 _apages cm
336 _atext
337 _aunmediated
338 _avolume
500 _a[Typographic symbols and accents removed for systems compatibility.]
520 _a"After nefarious, nameless thugs have separated Sam and Evie, the pair must travel the globe to reunite and piece together the remaining clues about the missing explorers from the Filipendulous Five"--
650 1 _aAdventure and adventurers
_vFiction.
_9102533
650 1 _aSecret societies
_vFiction.
_95676315
650 1 _aMissing persons
_vFiction.
_95969694
650 1 _aVoyages and travels
_vFiction.
_95969695
700 1 _aRockefeller, Matt,
_eillustrator.
_95969696
942 _cBOOK
_2ddc
948 _a05/04/2018
_zSirsi
949 _nwww.MicroMarketing.org 800-229-9887
999 _c308778
_d308777